000 00751nam a2200265Ia 4500
005 20260121172907.0
008 008 260114s9999 xx 000 0 eng d
020 _a9783030641184
037 _aEBOOK
040 _aCRL
040 _beng
040 _cCRL
041 _2eng
041 _aeng
084 _qCRL
100 _aNikolai Nikolaevich Polyakhov, Petr Evgenievich Tovstik, Mikhail Petrovich Yushkov, Sergey Andreevich Zegzhda, Petr Evgenievich Tovstik
_91094068
245 0 _aRational and Applied Mechanics
260 _bSpringer
260 _bSpringer
260 _c2021
856 _uhttps://link.springer.com/openurl?genre=book&isbn=978-3-030-64118-4
942 _cEBOOK
999 _c1659810
_d1659810